000 00605nam a2200205Ia 4500
003 IN-BaIIA
008 211028s9999 xx 000 0 eng d
020 _a978-0-521-34871-3
040 _cIIA Library
080 _a524.3
_bBOH-3
100 _aBohm-Vitense, Erika
245 0 _aIntroduction to stellar astrophysics
_bvol.3, stellar structure and evolution
_cErika Bohm-Vitense
260 _aCambridge
_bCambridge University Press
_c2004
300 _axv, 285p.
650 _aAstrophysics
_9794
650 _aStars
650 _aStellar atmosphere
_91661
650 _aStellar evolution
942 _cBK
999 _c18178
_d18178